00221nam a2200085Ia 4500001000800000005001700008008004100025245004000066260002900106101169320250826230745.0250824s9999 xx 000 0 und d 0aÇATIDAKİ PENCEREcJOSE SARAMAGO bKIRMIZI KEDİ YAYINLARI